100 Biggest Cities In Iran - Statistics

General Stats
  • This quiz has been taken 410 times
  • The average score is 23 of 100
Answers on the Map
Answers color-coded by a green-red scale on the quiz's map according to % correct below.
 
Answer Stats
Answer Hint % Correct
Tehrān 8,693,706
98%
Iṣfahān 1,961,260
88%
Tabrīz 1,558,693
88%
Mashhad 3,001,184
86%
Shīrāz 1,565,572
79%
Qom 1,201,158
77%
Bandar Abbas 526,648
68%
Ahvāz 1,184,788
66%
Kermān 537,718
65%
Kermānshāh 946,651
58%
Karaj 1,592,492
52%
Yazd 529,673
52%
Urmia 736,224
49%
Rasht 679,995
47%
Zāhedān 587,730
45%
Ardabīl 529,374
42%
Hamadān 554,406
42%
Arāk 520,944
36%
Qazvīn 402,748
36%
Gorgān 350,676
34%
Būshehr 223,504
32%
Zanjān 430,871
32%
Sanandaj 412,767
30%
Īlām 194,030
29%
Ābādān 231,476
27%
Khorramabad 373,416
27%
Sārī 309,820
27%
Eslāmshahr 448,129
25%
Zābol 134,950
25%
Āmol 237,528
23%
Bābol 250,217
23%
Bīrjand 203,636
23%
Semnān 185,129
23%
Bam 127,396
21%
Bojnūrd 228,931
21%
Kāshān 304,487
21%
Nīshāpūr 264,375
21%
Dezfūl 264,709
19%
Borūjerd 234,997
18%
Chābahār 106,739
18%
Varāmīn 225,628
18%
Īrānshahr 113,750
17%
Shahrekord 190,441
17%
Mahābād 168,393
16%
Najaf Ābād 235,281
16%
Qods 309,605
16%
Rafsanjān 161,909
16%
Sabzevār 243,700
16%
Yāsūj 134,532
16%
Būkān 193,501
15%
Marāgheh 175,255
15%
Sāveh 220,762
15%
Bāneh 110,218
14%
Gonbad Kāvūs 151,910
14%
Malāyer 170,237
14%
Qā'em Shahr 204,953
14%
Sīrjān 199,704
14%
Īzeh 119,399
13%
Bandar-e Anzalī 118,564
12%
Golestān 239,556
12%
Khūy 198,845
12%
Lāhījān 101,073
12%
Mīāndoab 134,425
12%
Shahrīār 309,607
12%
Jīroft 130,429
11%
Saqqez 165,258
11%
Khomeynī Shahr 247,128
10%
Khoramshahr 133,097
10%
Marand 130,825
10%
Marīvān 136,654
10%
Qūchān 101,604
10%
Shāhrūd 150,129
10%
Shūshtar 101,878
10%
Abhar 99,285
8%
Ahar 100,641
8%
Andīmeshk 135,116
8%
Fasā 110,825
8%
Kāshmar 102,282
8%
Malārd 281,027
8%
Marvdasht 148,858
8%
Mīāneh 98,973
8%
Qarchak 231,075
8%
Shahrezā 134,952
8%
Torbat Jām 100,449
8%
Behbahān 122,604
7%
Jahrom 141,634
7%
Masjed Soleymān 100,497
7%
Pākdasht 236,319
7%
Bandar Māhshahr 162,797
6%
Borāzjān 110,567
6%
Dūrūd 121,638
6%
Shāhīn Shahr 173,329
6%
Naẓar'ābād 119,512
5%
Robāṭ Karīm 105,393
5%
Torbat Ḥeydarīeh 140,019
5%
Andīsheh 116,062
4%
Fardīs 181,174
3%
Kamāl Shahr 141,669
3%
Nasīm Shahr 200,393
3%
Moḥamadshahr 119,418
2%
No matching quizzes found
Score Distribution
Percent of People with Each Score
Percentile by Number Answered
Your Score History
You have not taken this quiz